00361 a2200109 4500001001000000005001700010008004100027245007900068100002600147773006100173999001700234ART_2394620260410161933.0260409a 10aSobre la genuinidad de los ingresos fiscales por derechos de exportación1 aPablo, Juan Carlos de0 tInformeg- Año VIII, Nº 46 (ene./mar. 1976)wREV23765 c28749d28749